000 002690000a22000970004500
100 1 _aMiller, Darrow L.
245 1 0 _aBiblical holism : Critiquing a critique
300 _aVol. 35, Núm 3 (1999), Páginas 299-302
773 0 _tEvangelical Missions Quarterly
942 _cANA
999 _c58204
_d58204